Japonais - Hiragana - Statistiques

Statistiques générales
  • Ce quiz a été pris 74 fois
  • Le résultat moyen est 37 sur 46
Statistiques - réponses
Hint Réponse % Correct
E
97%
Shi
97%
A
92%
Fu
92%
Ta
89%
I
87%
Ka
87%
N
87%
Su
87%
Hi
84%
Mi
84%
Te
84%
Tsu
84%
U
84%
Wa
84%
Yu
84%
Chi
82%
Ha
82%
He
82%
Ki
82%
Ku
82%
Na
82%
No
82%
Ri
82%
So
82%
Ya
82%
Ko
79%
Mo
79%
Mu
79%
O
79%
Sa
79%
Se
79%
To
79%
Wo
79%
Yo
79%
Ke
76%
Ra
76%
Ma
74%
Ne
74%
Ni
74%
Ho
71%
Re
71%
Ro
71%
Ru
71%
Me
61%
Nu
58%
Aucun quiz correspondant
Distribution des résultats
% des personnes avec chaque résultat
Percentile par nombre de réponses
Votre historique - résultats
Vous n’avez pas pris ce quiz